000 01124nam a2200301 i 4500
001 bg
003 BPK
005 20250722063908.0
008 980627s1998 pl a f f |000 0 pol
015 _aPB 1999/14121
020 _a8301124210
040 _aWA N
_cBPK
080 _a336.77
080 _a(075.8)
100 1 _aDziawgo, Danuta
_d(1969- )
_eAutor
245 1 0 _aCredit-rating :
_bryzyko i obligacje na międzynarodowym rynku finansowym /
_cDanuta Dziawgo ; Fundacja Edukacyjna Przedsiębiorczości.
260 _aWarszawa :
_bWydaw. Naukowe PWN,
_c1998.
300 _a250, [1] s., [8] s. faks. kolor. :
_bwykr., err. ;
_c21 cm.
490 1 _aPrzedsiębiorczość
504 _aBibliogr. s. 244-247.
655 4 _aPodręczniki akademickie
650 4 _aKlasyfikacja kredytowa
710 2 _aWydawnictwo Naukowe PWN
_4pbl.
710 2 _aFundacja Edukacyjna Przedsiębiorczości
856 _uhttp://koha.tu.koszalin.pl/cgi-bin/koha/opac-detail.pl?biblionumber=32707
_zKatalog online BPK
830 0 _aPrzedsiębiorczość (PWN)
942 _2UKD
_cKS
999 _c32707
_d32707